000
00248nam a2200109Ia 4500
008
220204s9999 xx 000 0 und d
082
_a
82-3
_b
COO
100
_a
Cooper, Morton
245
0
_a
Rich people
260
_a
London
_b
Corgi
_c
1978
942
_c
BK
999
_c
33556
_d
33556